Estudio de prefactibilidad para la creación de un Instituto Técnico Textil Vestuario

Presenta un estudio de prefactibilidad para la creación de un Instituto técnico textil vestuario que proporcione mano de obra calificada y entrenada que permita un mejor desempeño laboral en el área de zonas francas. Plantea tres estudios importantes con el objetivo de determinar la prefactibili...

Full description

Bibliographic Details
Main Authors: Espinoza Reyes, Perla Casandra, Murillo Castillo, Nohelia Guadalupe
Other Authors: Tutor: Velásquez Vargas, Glenda Marcia
Format: Tesis Section = Libro
Language:Undetermined
Spanish
Published: Managua UNI 2008
Subjects:
LEADER 01519nam a2200301Ia 4500
008 240830s9999 xx 000 0 und d
040 |a BIBLIOTECA-RUPAP Mon 646.4 E77 
041 |a spa 
082 |a Mon 646.4 E77 
100 1 |a Espinoza Reyes, Perla Casandra 
100 1 |b Murillo Castillo, Nohelia Guadalupe 
245 1 0 |a Estudio de prefactibilidad para la creación de un Instituto Técnico Textil Vestuario 
260 |a Managua  |b UNI  |c 2008 
300 |a 211 p. :il. 
500 |a Contiene: anexos y glosarios. 
502 |a Tesis (Ingeniero Industrial)- UNI, 2008. 
520 3 |a Presenta un estudio de prefactibilidad para la creación de un Instituto técnico textil vestuario que proporcione mano de obra calificada y entrenada que permita un mejor desempeño laboral en el área de zonas francas. Plantea tres estudios importantes con el objetivo de determinar la prefactibilidad de la ejecución del proyecto; como lo son el estudio de mercado, el estudio técnico el financiamiento y su evaluación económica para determinar la rentabilidad del proyecto. 
650 7 |a CONFECCIÓN DE VESTUARIO – CAPACITACIÓN 
650 7 |b ESTUDIO DE MERCADO 
650 7 |c ANÁLISIS FODA 
650 7 |d ANÁLISIS OFERTA Y DEMANDA 
650 7 |e ANÁLISIS DE PRECIO DIAGNOSTICO - INSTITUTO TEXTIL ESTUDIO TÉCNICO 
650 7 |f  DISTRIBUCIÓN DE LA PLANTA 
650 7 |g COSTO DE PRODUCCIÓN 
700 1 |a Tutor:  |b Velásquez Vargas, Glenda Marcia 
942 |c BK  |2 ddc 
991 |a TESIS 
999 |c 16819